MARC

LEADER 00000nam0a2200000 4500
001 42277
005 20231031015214.0
010 |a 5922101609 
035 |a (RuTPU)RU\TPU\book\43528 
090 |a 42277 
100 |a 20020828d2001 m y0rusy50 ca 
101 0 |a rus 
102 |a RU 
105 |a y j 001zy 
200 1 |a Курс математического анализа  |e учебник  |f С. М. Никольский 
205 |a 6 изд., стер. 
210 |a Москва  |c Физматлит  |d 2001 
215 |a 592 с. 
320 |a Предм. указ.: с. 583-591. 
610 1 |a математический анализ 
610 1 |a действительные числа 
610 1 |a предел последовательности 
610 1 |a пределы функций 
610 1 |a функция одной переменной 
610 1 |a дифференциальные исчисления 
610 1 |a функции многих переменных 
610 1 |a интегралы 
610 1 |a ряды 
610 1 |a теория поля 
610 1 |a линейные пространства 
610 1 |a ортогональные пространства 
610 1 |a обобщенные функции 
610 1 |a учебники 
675 |a 517(075.8)  |v 3 
700 1 |a Никольский  |b С. М.  |g Сергей Михайлович 
801 1 |a RU  |b 63413507  |c 20020828  |g PSBO 
801 2 |a RU  |b 63413507  |c 20030409  |g PSBO 
900 |a Математический анализ 
942 |c BK